[Event "12th American Continental"]
[Site "Medellin COL"]
[Date "2017.06.15"]
[Round "8.92"]
[White "Torres Rojas, Yuber Andres"]
[Black "Meza Galvan, Luis"]
[Result "0-1"]
[WhiteElo "2022"]
[BlackElo "1757"]
[EventDate "2017.06.10"]
[PlyCount "66"]

1.e4 g6 2.Nc3 Bg7 3.Bc4 d6 4.f4 a6 5.a4 Nd7 6.Nf3 e6 7.O-O Ne7 8.d3 O-O 9.
Qe1 c6 10.Ba2 b5 11.axb5 cxb5 12.Ng5 Nb6 13.Rf3 h6 14.Nh3 Bb7 15.Nd1 d5 
16.Nhf2 b4 17.Rh3 Nc6 18.f5 exf5 19.Bxh6 Bxh6 20.Rxh6 Qg5 21.Rh3 f4 22.Nh1
Kg7 23.c3 Bc8 24.Nhf2 Ne5 25.Qf1 bxc3 26.Nxc3 Qf6 27.d4 Nec4 28.Rd3 g5 29.
Qe2 Rh8 30.h3 a5 31.Ng4 Qe7 32.e5 Bxg4 33.Qxg4 Nxb2 0-1

[Event "12th American Continental"]
[Site "Medellin COL"]
[Date "2017.06.15"]
[Round "8.93"]
[White "Abril Guiza, Mauricio"]
[Black "Velasquez, Andres"]
[Result "1-0"]
[WhiteElo "2020"]
[BlackElo "1731"]
[EventDate "2017.06.10"]
[PlyCount "68"]

1.d4 Nf6 2.Bf4 g6 3.Nf3 Bg7 4.e3 O-O 5.Be2 d6 6.O-O Nbd7 7.h3 c5 8.c3 b6 
9.Nbd2 Bb7 10.a4 a6 11.Bh2 Qc7 12.Qb3 Rac8 13.Ne1 cxd4 14.cxd4 Qb8 15.Bf3 
Bxf3 16.Nexf3 Qb7 17.Rac1 Rc6 18.Rc3 Rfc8 19.Ng5 e6 20.Nde4 h6 21.Nxe6 Rc4
22.Rxc4 Rxc4 23.Qxc4 fxe6 24.Qxe6+ Kh7 25.Qxd6 Qxe4 26.Rc1 g5 27.Qc6 Nc5 
28.Qxe4+ Ncxe4 29.Rc6 Nd5 30.Re6 Nd2 31.Rd6 Nb4 32.Rxb6 Nd3 33.Rxa6 Nxb2 
34.a5 Nb3 1-0

[Event "12th American Continental"]
[Site "Medellin COL"]
[Date "2017.06.15"]
[Round "8.96"]
[White "Montenegro Mancera, Juan Rolando"]
[Black "Bedoya Rosales, Luis"]
[Result "1-0"]
[WhiteElo "2146"]
[BlackElo "1888"]
[EventDate "2017.06.10"]
[PlyCount "59"]

1.e4 c5 2.Nf3 d6 3.c3 Nf6 4.h3 g6 5.Bd3 Bg7 6.Bc2 O-O 7.O-O b5 8.d4 Bb7 9.
Qe2 Nbd7 10.Re1 a6 11.e5 Bxf3 12.Qxf3 Ne8 13.Bf4 dxe5 14.dxe5 Nc7 15.Bg3 
Ne6 16.h4 Qc7 17.Qe2 Rab8 18.Nd2 c4 19.h5 Ndc5 20.Ne4 Nxe4 21.Qxe4 Qb6 22.
Qg4 Rbd8 23.Rad1 Rxd1 24.Rxd1 Rd8 25.Rxd8+ Nxd8 26.Qc8 Bf8 27.Bh4 gxh5 28.
Bg5 Kg7 29.Be3 Qa5 30.Qf5 1-0

[Event "12th American Continental"]
[Site "Medellin COL"]
[Date "2017.06.15"]
[Round "8.97"]
[White "Rivera, Luis Enrique"]
[Black "Fuentes Godoy, Lilia Ivonne"]
[Result "0-1"]
[WhiteElo "1885"]
[BlackElo "2088"]
[EventDate "2017.06.10"]
[PlyCount "56"]

1.d4 d5 2.Nf3 c6 3.c4 e6 4.Nc3 dxc4 5.a4 Bb4 6.Bg5 f6 7.Bd2 a5 8.e4 b5 9.
axb5 Bxc3 10.bxc3 cxb5 11.Be2 Ne7 12.O-O O-O 13.Qb1 Bd7 14.Rd1 Ng6 15.h4 
Qc7 16.g3 Rd8 17.h5 Nf8 18.Bf4 Qa7 19.d5 e5 20.Be3 Qa6 21.Nh4 g6 22.hxg6 
hxg6 23.Kg2 Qd6 24.Rh1 Ra6 25.Bh6 Be8 26.g4 Rc8 27.Rh3 Rc7 28.Qh1 Raa7 {
illegible} 0-1

[Event "12th American Continental"]
[Site "Medellin COL"]
[Date "2017.06.15"]
[Round "8.98"]
[White "Renteria, Rolando"]
[Black "Oquendo, Eder"]
[Result "1-0"]
[WhiteElo "2077"]
[BlackElo "1884"]
[EventDate "2017.06.10"]
[PlyCount "57"]

1.e4 c5 2.Nf3 d6 3.d4 cxd4 4.Nxd4 Nf6 5.Nc3 g6 6.Be3 a6 7.f3 Nbd7 8.Qd2 h5
9.Bc4 Bg7 10.O-O-O Ne5 11.Bb3 b5 12.Nd5 Bb7 13.Ne2 Nxd5 14.exd5 Rc8 15.Kb1
a5 16.f4 Nc4 17.Bxc4 Rxc4 18.b3 Rc8 19.Bd4 O-O 20.f5 Qc7 21.Bxg7 Kxg7 22.
Nf4 gxf5 23.Nxh5+ Kh7 24.Qf2 e6 25.Rd3 Qc5 26.Nf6+ Kg6 27.Qg3+ Kxf6 28.
Qh4+ Ke5 29.Re1+ 1-0

[Event "12th American Continental"]
[Site "Medellin COL"]
[Date "2017.06.15"]
[Round "8.99"]
[White "Andrade Truyol, Geiner Jose"]
[Black "Zuniga Garcia, Eddy Andres"]
[Result "1/2-1/2"]
[WhiteElo "2027"]
[BlackElo "1879"]
[EventDate "2017.06.10"]
[PlyCount "122"]

1.e4 e5 2.Nf3 Nc6 3.Bb5 f5 4.d4 fxe4 5.Nxe5 Nxe5 6.dxe5 c6 7.Nc3 cxb5 8.
Nxe4 d5 9.exd6 Nf6 10.O-O Bf5 11.Nxf6+ Qxf6 12.Re1+ Kf7 13.Qd5+ Kg6 14.Bf4
Rd8 15.Rad1 h6 16.Be5 Qf7 17.Qxb5 Kh7 18.c4 b6 19.Rd4 Bd7 20.Qb3 Bc6 21.
Qc3 Qg6 22.Qh3 Rg8 23.Red1 Bd7 24.Qe3 Qe6 25.b4 Rc8 26.f4 g6 27.Qc3 Bg7 
28.Re1 Rge8 29.c5 bxc5 30.bxc5 Rc6 31.Rde4 Qd5 32.Qe3 Bf5 33.Rd4 Qf7 34.
Ra4 a6 35.Qd4 Bd7 36.Rb4 Bf5 37.Re3 Bc8 38.Bxg7 Rxe3 39.Qxe3 Qxg7 40.Re4 
Qa1+ 41.Kf2 Qxa2+ 42.Kg3 h5 43.Re7+ Kh6 44.Qe5 h4+ 45.Kf3 Qb3+ 46.Qe3 
Qxe3+ 47.Kxe3 Rxc5 48.d7 Bxd7 49.Rxd7 Ra5 50.Kf3 g5 51.Kg4 gxf4 52.Rd6+ 
Kg7 53.Kxh4 Ra2 54.Kh3 Ra3+ 55.Kg4 Ra2 56.Kf3 Ra4 57.Re6 a5 58.Re4 Rxe4 
59.Kxe4 Kf6 60.Kd5 Kf5 61.Kd4 Kg4 1/2-1/2

[Event "12th American Continental"]
[Site "Medellin COL"]
[Date "2017.06.15"]
[Round "8.100"]
[White "Nino Penaloza, Cesar Gerardo"]
[Black "Gallardo Rojel, Alejandro"]
[Result "1-0"]
[WhiteElo "1972"]
[BlackElo "1837"]
[EventDate "2017.06.10"]
[PlyCount "59"]

1.d4 Nf6 2.c4 g6 3.Nc3 Bg7 4.e4 d6 5.Bg5 O-O 6.Qd2 e5 7.dxe5 dxe5 8.Qxd8 
Rxd8 9.Nd5 Rd6 10.Bxf6 Bxf6 11.Nxc7 Bd8 12.Nxa8 Ba5+ 13.Ke2 Nc6 14.f3 Rd2+
15.Ke3 Nd4 16.Bd3 Rxb2 17.Ne2 Nxe2 18.Bxe2 Bc3 19.Nc7 f5 20.Kd3 Ba5 21.Nd5
Rd2+ 22.Ke3 f4+ 23.Kf2 Be6 24.Rhd1 Rc2 25.Kf1 h5 26.a3 h4 27.h3 Kf7 28.
Rab1 b6 29.Nb4 Rc3 30.Nc6 1-0

[Event "12th American Continental"]
[Site "Medellin COL"]
[Date "2017.06.15"]
[Round "8.101"]
[White "Lopez Ramirez, Jorge Hernan"]
[Black "Builes Palacio, Santiago"]
[Result "1-0"]
[WhiteElo "1963"]
[BlackElo "1756"]
[EventDate "2017.06.10"]
[PlyCount "55"]

1.d4 Nf6 2.Nf3 g6 3.Bf4 Bg7 4.e3 O-O 5.Be2 c5 6.c3 d6 7.h3 b6 8.Nbd2 Bb7 
9.a4 Nbd7 10.Qb3 Bd5 11.c4 Be4 12.g4 d5 13.Nxe4 Nxe4 14.cxd5 cxd4 15.exd4 
Ndf6 16.Bc4 Nd6 17.Ba6 Re8 18.O-O e6 19.dxe6 Rxe6 20.Ng5 Re7 21.Rfe1 Nde4 
22.Nf3 Nd5 23.Bh2 Nc7 24.Bb7 Nd6 25.Rxe7 Qxe7 26.Bxa8 Nxa8 27.Re1 Qb7 28.
Bxd6 1-0

[Event "12th American Continental"]
[Site "Medellin COL"]
[Date "2017.06.15"]
[Round "8.103"]
[White "Cardoso Cardoso, Jaidy Marcela"]
[Black "Moyses Sobrinho, Elias"]
[Result "1-0"]
[WhiteElo "1711"]
[BlackElo "1938"]
[EventDate "2017.06.10"]
[PlyCount "69"]

1.d4 Nf6 2.c4 c5 3.d5 b5 4.cxb5 a6 5.b6 Qxb6 6.Nc3 g6 7.e4 d6 8.a4 Bg7 9.
Bd3 Nbd7 10.f4 O-O 11.Nf3 a5 12.Nd2 Ba6 13.Bb5 Bxb5 14.Nxb5 Qb7 15.O-O Nb6
16.Qe2 Rfb8 17.Nc4 Nxa4 18.Nbxd6 Qd7 19.Nxf7 Kxf7 20.Ne5+ Kg8 21.Nxd7 Nxd7
22.Rxa4 Nb6 23.Ra3 a4 24.Rg3 Nd7 25.Qg4 Nf8 26.e5 Rd8 27.Qf3 Rab8 28.f5 
Bxe5 29.fxg6 Nxg6 30.Qf7+ Kh8 31.Rxg6 hxg6 32.Rf3 Bd4+ 33.Be3 Rxd5 34.Qxd5
Bxe3+ 35.Rxe3 1-0

[Event "12th American Continental"]
[Site "Medellin COL"]
[Date "2017.06.15"]
[Round "8.127"]
[White "Norena Marin, Jeronimo"]
[Black "Correa, Daniel"]
[Result "0-1"]
[WhiteElo "1439"]
[BlackElo "1595"]
[EventDate "2017.06.10"]
[PlyCount "70"]

1.e4 c5 2.Nf3 d6 3.d3 Nc6 4.Be3 g6 5.Nc3 Nf6 6.Be2 Bg7 7.Qd2 O-O 8.O-O b6 
9.a3 d5 10.exd5 Nxd5 11.Nxd5 Qxd5 12.c4 Qd8 13.Rab1 Bf5 14.b4 cxb4 15.axb4
a5 16.b5 Nd4 17.Nxd4 Bxd4 18.Bh6 Re8 19.Rb3 Qc7 20.Bf3 Rad8 21.Bc6 Bd7 22.
Bxd7 Rxd7 23.Bf4 e5 24.Be3 Red8 25.Bxd4 Rxd4 26.Re1 Rxc4 27.Qe3 Rcd4 28.
Qxe5 Qxe5 29.Rxe5 Rxd3 30.Rxd3 Rxd3 31.h3 Kg7 32.Kh2 Kf6 33.Re4 Rd5 34.
Rf4+ Rf5 35.Rxf5+ Kxf5 0-1

[Event "12th American Continental"]
[Site "Medellin COL"]
[Date "2017.06.16"]
[Round "9.1"]
[White "Iturrizaga Bonelli, Eduardo"]
[Black "Cori Tello, Jorge"]
[Result "1/2-1/2"]
[WhiteElo "2663"]
[BlackElo "2618"]
[EventDate "2017.06.10"]
[PlyCount "60"]

1.d4 Nf6 2.c4 e6 3.g3 Bb4+ 4.Bd2 Qe7 5.Bg2 O-O 6.Nc3 d6 7.e3 e5 8.Nge2 
exd4 9.Nxd4 Bxc3 10.Bxc3 Ne4 11.Qc2 Re8 12.O-O Nc6 13.b3 Bd7 14.Bb2 f5 15.
Ne2 Ne5 16.Nf4 Qf7 17.Nd5 Bc6 18.Rad1 a5 19.Rd4 Re6 20.f3 Nc5 21.Rfd1 Rf8 
22.Rf4 Ng6 23.Rfd4 Ne5 24.Qe2 Rfe8 25.Qd2 Rh6 26.Qf2 Ne6 27.R4d2 Qh5 28.h4
Qf7 29.Nf4 Nc5 30.Rd4 b6 1/2-1/2

[Event "12th American Continental"]
[Site "Medellin COL"]
[Date "2017.06.16"]
[Round "9.2"]
[White "Cordova Daza, Emilio"]
[Black "Sevian, Samuel"]
[Result "1/2-1/2"]
[WhiteElo "2651"]
[BlackElo "2601"]
[EventDate "2017.06.10"]
[PlyCount "95"]

1.Nf3 d5 2.g3 Bg4 3.Bg2 e6 4.O-O Nf6 5.c4 c6 6.cxd5 Bxf3 7.Bxf3 cxd5 8.d4 
Nc6 9.Nc3 Be7 10.e3 O-O 11.Bd2 Rc8 12.Rc1 Nd7 13.Qe2 Nb6 14.Rfd1 a6 15.Be1
Bf6 16.Bg2 Rc7 17.Qc2 Qb8 18.Qb1 Rfc8 19.Ne2 Ne7 20.Nf4 Rxc1 21.Rxc1 Rxc1 
22.Qxc1 Nc6 23.Bf1 Qc8 24.b3 Be7 25.Nd3 Nd7 26.a4 Na7 27.Qxc8+ Nxc8 28.f3 
Na7 29.Nb4 Nb8 30.Kf2 Kf8 31.Bc3 Nac6 32.Nc2 Nd7 33.Bd3 g6 34.Ke2 h5 35.h3
Bd6 36.g4 hxg4 37.hxg4 Ke7 38.Be1 Kd8 39.Kd1 Kc7 40.g5 Be7 41.f4 Nb6 42.
Bg3 Kd8 43.Ne1 Bb4 44.Bb1 Nc8 45.Nd3 Be7 46.Be1 Nd6 47.Nf2 Nf5 48.Ng4 
1/2-1/2

[Event "12th American Continental"]
[Site "Medellin COL"]
[Date "2017.06.16"]
[Round "9.5"]
[White "Tang, Andrew"]
[Black "Bachmann Schiavo, Axel"]
[Result "0-1"]
[WhiteElo "2461"]
[BlackElo "2653"]
[EventDate "2017.06.10"]
[PlyCount "112"]

1.d4 g6 2.Bf4 Bg7 3.Nf3 Nf6 4.e3 O-O 5.h3 d6 6.Be2 b6 7.O-O c5 8.c3 Bb7 9.
Nbd2 Nbd7 10.a4 a6 11.Qb3 Rc8 12.Rfd1 Rc7 13.Bh2 Qa8 14.c4 cxd4 15.exd4 
Re8 16.a5 bxa5 17.Rxa5 e5 18.c5 exd4 19.cxd6 Rc5 20.Rxc5 Nxc5 21.Qc4 Nfd7 
22.Bf1 Bd5 23.Qb4 Rb8 24.Qa3 Qb7 25.Bc4 Bxc4 26.Nxc4 Qe4 27.Nfd2 Qc2 28.
Qf3 Bh6 29.Bg3 Bxd2 30.Nxd2 Rxb2 31.Kh2 Rb8 32.Bf4 Re8 33.Bh6 Qa4 34.Rc1 
Qb5 35.Ne4 Ne6 36.Nf6+ Nxf6 37.Qxf6 Qd7 38.Bf4 Nxf4 39.Qxf4 Re6 40.Qxd4 
Rxd6 41.Qe5 h5 42.Rb1 Rc6 43.Rb8+ Rc8 44.Rb6 Ra8 45.Rd6 Qf5 46.Qxf5 gxf5 
47.Kg3 a5 48.Kf4 a4 49.Kxf5 a3 50.Rd1 Kg7 51.Kg5 Ra5+ 52.Kh4 a2 53.Ra1 Kg6
54.g4 Ra4 55.f4 hxg4 56.hxg4 Ra3 0-1

[Event "12th American Continental"]
[Site "Medellin COL"]
[Date "2017.06.16"]
[Round "9.6"]
[White "Ramirez Alvarez, Alejandro"]
[Black "Bruzon Batista, Lazaro"]
[Result "1/2-1/2"]
[WhiteElo "2552"]
[BlackElo "2650"]
[EventDate "2017.06.10"]
[PlyCount "42"]

1.e4 e5 2.Nf3 Nc6 3.Bb5 Nf6 4.O-O Nxe4 5.Re1 Nd6 6.Nxe5 Be7 7.Bf1 Nxe5 8.
Rxe5 O-O 9.d4 Bf6 10.Re1 Re8 11.Rxe8+ Nxe8 12.c3 d5 13.Bd3 c6 14.Bf4 g6 
15.Nd2 Ng7 16.Nf3 Bf5 17.Be5 Bxd3 18.Bxf6 Qxf6 19.Qxd3 Re8 20.Re1 Rxe1+ 
21.Nxe1 Qe7 1/2-1/2

[Event "12th American Continental"]
[Site "Medellin COL"]
[Date "2017.06.16"]
[Round "9.7"]
[White "Cuartas Medina, Jaime Alexander"]
[Black "Fier, Alexandr"]
[Result "1/2-1/2"]
[WhiteElo "2492"]
[BlackElo "2576"]
[EventDate "2017.06.10"]
[PlyCount "112"]

1.e4 c5 2.c3 d5 3.exd5 Qxd5 4.d4 Nf6 5.Nf3 e6 6.Bd3 Be7 7.O-O O-O 8.c4 Qd7
9.dxc5 Rd8 10.Bc2 Qxd1 11.Rxd1 Rxd1+ 12.Bxd1 Bxc5 13.Nc3 b6 14.Ne5 Bb7 15.
Be3 Bxe3 16.fxe3 Nbd7 17.Nxd7 Nxd7 18.Be2 Kf8 19.Rd1 Ke7 20.Kf2 Rc8 21.b3 
a6 22.Na4 Bc6 23.Nb2 Nc5 24.Bf3 a5 25.Ke2 Be8 26.Nd3 f5 27.Kd2 g5 28.g3 g4
29.Bg2 h5 30.Kc3 h4 31.gxh4 Bf7 32.Ne5 Kf6 33.Nxf7 Kxf7 34.a3 Ke7 35.h5 
Rh8 36.Bc6 Rc8 37.Bg2 Nd7 38.h3 gxh3 39.Bxh3 Rh8 40.b4 Rxh5 41.Bf1 Rh1 42.
Be2 Rh3 43.Kd2 f4 44.exf4 Rxa3 45.bxa5 bxa5 46.Re1 Nc5 47.Bg4 Rd3+ 48.Kc2 
Rd4 49.Bxe6 Rxf4 50.Bd5+ Kd6 51.Rb1 a4 52.Kc3 a3 53.Ra1 Rh4 54.Rxa3 Rh3+ 
55.Kb4 Rxa3 56.Kxa3 Nd7 1/2-1/2

[Event "12th American Continental"]
[Site "Medellin COL"]
[Date "2017.06.16"]
[Round "9.8"]
[White "Hungaski, Robert"]
[Black "Ortiz Suarez, Isan Reynaldo"]
[Result "1-0"]
[WhiteElo "2492"]
[BlackElo "2570"]
[EventDate "2017.06.10"]
[PlyCount "108"]

1.Nf3 d5 2.d4 Nf6 3.c4 e6 4.Nc3 c6 5.g3 Be7 6.Bg2 O-O 7.O-O Nbd7 8.Nd2 b6 
9.e4 Bb7 10.cxd5 cxd5 11.e5 Ne8 12.f4 b5 13.Nf3 b4 14.Ne2 Nb6 15.g4 f6 16.
b3 Nc7 17.Be3 f5 18.gxf5 exf5 19.Qd2 Qd7 20.Ne1 Ba6 21.Nd3 Qb5 22.Rfd1 
Rac8 23.Bf1 Qxd3 24.Qxd3 Bxd3 25.Rxd3 Ne6 26.Rd2 g5 27.Bh3 g4 28.Bg2 h5 
29.Rc1 Rxc1+ 30.Nxc1 Rc8 31.Ne2 Kf7 32.Rd1 Rc2 33.Rd2 Rc7 34.Rd1 Bf8 35.
Rc1 Rxc1+ 36.Nxc1 Bh6 37.Nd3 a5 38.Kf2 Kg6 39.Kg3 Kf7 40.h3 Nc7 41.Nc5 Nb5
42.hxg4 hxg4 43.Na4 Nxa4 44.Bxd5+ Ke7 45.bxa4 Nc3 46.Bc4 Nxa4 47.d5 Nc3 
48.d6+ Kd7 49.Bd3 Ne4+ 50.Bxe4 fxe4 51.Bd2 Bf8 52.Kxg4 Ke6 53.Kg5 Bg7 54.
f5+ Kxe5 1-0

[Event "12th American Continental"]
[Site "Medellin COL"]
[Date "2017.06.16"]
[Round "9.9"]
[White "Peralta, Fernando"]
[Black "Fernandez, Fernando"]
[Result "1/2-1/2"]
[WhiteElo "2569"]
[BlackElo "2416"]
[EventDate "2017.06.10"]
[PlyCount "140"]

1.d4 Nf6 2.c4 e6 3.Nf3 d5 4.Nc3 Bb4 5.cxd5 exd5 6.Bg5 Nbd7 7.e3 c5 8.Bd3 
Qa5 9.Qc2 c4 10.Bf5 O-O 11.O-O Re8 12.Nd2 g6 13.Bxd7 Nxd7 14.f3 f6 15.Bh6 
Bxc3 16.bxc3 Nb6 17.e4 Bd7 18.Rae1 Re6 19.Re3 Qa3 20.Rfe1 Rae8 21.Nf1 Na4 
22.h4 Qb2 23.Qxb2 Nxb2 24.Rb1 Rb6 25.exd5 Kf7 26.Rxe8 Kxe8 27.Nd2 Bf5 28.
Ne4 Bxe4 29.fxe4 Na4 30.Rc1 Rb2 31.Bg7 Kf7 32.Bh8 Nb6 33.a4 Nd7 34.e5 Nb6 
35.d6 fxe5 36.Rf1+ Ke8 37.dxe5 Rd2 38.Rb1 Nxa4 39.Rxb7 Nxc3 40.Rxa7 Ne4 
41.Ra4 Rd1+ 42.Kh2 Nd2 43.Kh3 h5 44.g4 Nf1 45.Kg2 c3 46.gxh5 c2 47.Ra8+ 
Kd7 48.Ra7+ Ke6 49.Re7+ Kf5 50.Rc7 gxh5 51.Kf2 c1=Q 52.Rxc1 Rxc1 53.d7 Rd1
54.Bf6 Rxd7 55.Kxf1 Rd2 56.Ke1 Rc2 57.Kd1 Rg2 58.Kc1 Ke6 59.Kd1 Kd5 60.Kc1
Rf2 61.Kd1 Ke4 62.Kc1 Kd3 63.Bg5 Kc3 64.Kd1 Kd3 65.Kc1 Re2 66.Bf6 Re4 67.
Kb2 Rb4+ 68.Kc1 Re4 69.Kb2 Re1 70.Bg7 Re4 1/2-1/2

[Event "12th American Continental"]
[Site "Medellin COL"]
[Date "2017.06.16"]
[Round "9.13"]
[White "Cruz Sanchez, Cristhian"]
[Black "Sanchez Lizcano, Sebastian Felipe"]
[Result "1/2-1/2"]
[WhiteElo "2558"]
[BlackElo "2388"]
[EventDate "2017.06.10"]
[PlyCount "46"]

1.d4 Nf6 2.c4 e6 3.Nf3 d5 4.Nc3 Bb4 5.e3 O-O 6.Bd3 c5 7.O-O Nc6 8.a3 Ba5 
9.h3 dxc4 10.Bxc4 cxd4 11.exd4 h6 12.Be3 Bd7 13.Rc1 Rc8 14.Ba2 Ne7 15.Bb1 
Bc6 16.b4 Bb6 17.Ne5 Ned5 18.Ne2 Bb5 19.Rxc8 Qxc8 20.Qd2 Bxe2 21.Qxe2 Nc3 
22.Qf3 Nxb1 23.Rxb1 Qc2 1/2-1/2

[Event "12th American Continental"]
[Site "Medellin COL"]
[Date "2017.06.16"]
[Round "9.14"]
[White "Valderrama Quiceno, Esteban"]
[Black "Shabalov, Alexander"]
[Result "1/2-1/2"]
[WhiteElo "2413"]
[BlackElo "2556"]
[EventDate "2017.06.10"]
[PlyCount "62"]

1.Nf3 d6 2.d4 Bg4 3.e4 Nf6 4.Nc3 e6 5.Be2 Be7 6.O-O O-O 7.Be3 d5 8.exd5 
exd5 9.Re1 c6 10.h3 Bf5 11.Bd3 Bg6 12.Ne5 Nbd7 13.Nxg6 hxg6 14.Bf4 Re8 15.
Ne2 Nf8 16.c3 Ne6 17.Be5 Nh5 18.Ng3 Nhf4 19.Bc2 Bg5 20.Qg4 Bh6 21.h4 Qb6 
22.Rab1 c5 23.dxc5 Qxc5 24.Rbd1 Qb5 25.Rb1 Rac8 26.h5 gxh5 27.Nxh5 Nxh5 
28.Qxh5 d4 29.a4 Qc5 30.Qf3 dxc3 31.Bxc3 Nd4 1/2-1/2

[Event "12th American Continental"]
[Site "Medellin COL"]
[Date "2017.06.16"]
[Round "9.17"]
[White "Morovic Fernandez, Ivan"]
[Black "Fernandez Reyes, Lisandro"]
[Result "0-1"]
[WhiteElo "2537"]
[BlackElo "2402"]
[EventDate "2017.06.10"]
[PlyCount "196"]

1.e4 Nf6 2.e5 Nd5 3.d4 d6 4.Nf3 g6 5.Bc4 Nb6 6.Bb3 Bg7 7.Qe2 d5 8.Bf4 Bf5 
9.Nbd2 Nc6 10.a4 a5 11.c3 h6 12.O-O g5 13.Be3 e6 14.Ne1 Ne7 15.g4 Bg6 16.
Ng2 h5 17.Bxg5 hxg4 18.Qxg4 Qd7 19.Nh4 Bh5 20.Qg3 O-O-O 21.Kh1 Rdg8 22.Rg1
Ng6 23.Bc2 Bxe5 24.dxe5 Nxh4 25.Qxh4 Bg6 26.Qd4 Bxc2 27.Bf6 Rxg1+ 28.Rxg1 
Re8 29.b3 Kb8 30.Rg7 Bg6 31.h4 Qc8 32.Kh2 c5 33.Qf4 d4 34.c4 Qc6 35.Qg5 
Nd7 36.f3 Nxf6 37.Qxf6 d3 38.Kg3 Qb6 39.Qg5 Qd8 40.Qxd8+ Rxd8 41.f4 Rf8 
42.Kg4 Rh8 43.Kg3 Ka7 44.Kg4 Kb6 45.Kg3 Kc6 46.f5 Bxf5 47.Rxf7 Rg8+ 48.Kf2
Rg4 49.Nf3 Re4 50.Rf8 Kd7 51.h5 Re2+ 52.Kg3 d2 53.Nxd2 Rxd2 54.h6 Rd3+ 55.
Kf4 Rh3 56.Kg5 Rg3+ 57.Kf4 Rg4+ 58.Kf3 Rh4 59.Rf7+ Kc6 60.Rf6 b6 61.Kg3 
Rh3+ 62.Kg2 Rh5 63.Kg3 Kd7 64.Rf7+ Ke8 65.Rb7 Rxh6 66.Rxb6 Kd7 67.Rb5 Kc6 
68.Kf4 Rh3 69.Kg5 Bc2 70.Rxa5 Rxb3 71.Kf6 Bf5 72.Ra8 Rb4 73.Rc8+ Kd7 74.
Rxc5 Rxa4 75.Kf7 Bd3 76.Rb5 Bxc4 77.Rb6 Bd5 78.Rd6+ Kc7 79.Ke7 Ra3 80.Rd7+
Kc6 81.Rd8 Kc5 82.Rg8 Kd4 83.Rg5 Ke4 84.Rh5 Kf4 85.Kf6 Bf3 86.Rh3 Ra2 87.
Rh4+ Bg4 88.Rh1 Rf2 89.Re1 Rf3 90.Re2 Rf1 91.Rg2 Kf3 92.Rb2 Ke4+ 93.Kg5 
Bd1 94.Rb5 Rf5+ 95.Kg6 Rxe5 96.Rb1 Bg4 97.Kf6 Rd5 98.Kf7 Ke5 0-1

[Event "12th American Continental"]
[Site "Medellin COL"]
[Date "2017.06.16"]
[Round "9.18"]
[White "Rios Parra, Alejandro"]
[Black "Garcia Pantoja, Roberto"]
[Result "1/2-1/2"]
[WhiteElo "2345"]
[BlackElo "2500"]
[EventDate "2017.06.10"]
[PlyCount "116"]

1.e4 c5 2.Nf3 d6 3.d4 cxd4 4.Nxd4 Nf6 5.Nc3 a6 6.f4 e5 7.Nf3 Nbd7 8.Bd3 
Be7 9.O-O O-O 10.Kh1 b5 11.Qe1 Rb8 12.fxe5 dxe5 13.Bg5 Re8 14.a4 b4 15.Nd1
h6 16.Bxf6 Nxf6 17.b3 Bc5 18.Ne3 Be6 19.Qe2 Qc7 20.Nh4 Bxe3 21.Qxe3 Nd7 
22.Rf3 Nc5 23.Rg3 Nxd3 24.cxd3 Kh7 25.d4 Qd8 26.Nf3 exd4 27.Nxd4 Rc8 28.
Qf2 Qc7 29.Rf1 Qe5 30.Nf5 Bxf5 31.Qxf5+ Qxf5 32.exf5 Rc5 33.h3 Ree5 34.Rf4
Rxf5 35.Rxb4 g5 36.Rb6 a5 37.Rf3 Rxf3 38.gxf3 Rc2 39.b4 axb4 40.Rxb4 Rf2 
41.f4 f5 42.fxg5 hxg5 43.Rb6 Ra2 44.Ra6 Kg7 45.Kg1 f4 46.a5 Kf7 47.Kh1 f3 
48.Kg1 Rg2+ 49.Kf1 Rh2 50.Rb6 Rxh3 51.a6 g4 52.Rb4 Rh1+ 53.Kf2 Rh2+ 54.Kf1
Ra2 55.Rxg4 Rxa6 56.Rf4+ Rf6 57.Rxf6+ Kxf6 58.Kf2 Ke5 1/2-1/2

[Event "12th American Continental"]
[Site "Medellin COL"]
[Date "2017.06.16"]
[Round "9.20"]
[White "Mendoza Vega, Rafael"]
[Black "Barrientos Chavarriaga, Sergio"]
[Result "1/2-1/2"]
[WhiteElo "2293"]
[BlackElo "2463"]
[EventDate "2017.06.10"]
[PlyCount "109"]

1.c4 Nf6 2.Nc3 e6 3.Nf3 Bb4 4.Qc2 d6 5.e3 O-O 6.Be2 e5 7.a3 Bxc3 8.Qxc3 c5
9.d3 a5 10.b3 Nc6 11.Bb2 Bg4 12.O-O Re8 13.Rfe1 Rb8 14.Qc2 h6 15.Rad1 Qc8 
16.h3 Bf5 17.Bf1 b5 18.Nd2 Bg6 19.Ba1 Qe6 20.Ne4 Ne7 21.Nxf6+ Qxf6 22.Qd2 
b4 23.axb4 axb4 24.d4 Nc6 25.dxc5 dxc5 26.Qb2 Ra8 27.f4 Be4 28.Bd3 Bxd3 
29.Rxd3 Qg6 30.Red1 f6 31.Rd6 Qe4 32.Qf2 exf4 33.exf4 Na5 34.Bxf6 gxf6 35.
Rxf6 Ra7 36.Qxc5 Qe3+ 37.Qxe3 Rxe3 38.f5 Rxb3 39.Rxh6 Nxc4 40.f6 Rba3 41.
Rd4 b3 42.Rxc4 b2 43.Rc8+ Kf7 44.Rb8 Rxh3 45.Rxh3 Ra1+ 46.Kf2 b1=Q 47.Rxb1
Rxb1 48.Rf3 Rb5 49.g4 Rb8 50.Kg3 Kg6 51.f7 Rf8 52.Rf5 Rxf7 53.Rxf7 Kxf7 
54.Kf4 Kf6 55.Ke4 1/2-1/2

[Event "12th American Continental"]
[Site "Medellin COL"]
[Date "2017.06.16"]
[Round "9.23"]
[White "Vera Siguenas, Deivy"]
[Black "Guerrero Sierra, Juan Carlos"]
[Result "1-0"]
[WhiteElo "2526"]
[BlackElo "2303"]
[EventDate "2017.06.10"]
[PlyCount "66"]

1.e4 c5 2.Nf3 d6 3.c3 Nf6 4.h3 Nbd7 5.Bd3 Qc7 6.O-O b6 7.Re1 Bb7 8.Bc2 Rc8
9.Na3 g6 10.d4 Bg7 11.Bf4 O-O 12.e5 dxe5 13.dxe5 Nh5 14.Bh2 Bxf3 15.Qxf3 
Bxe5 16.Rxe5 Nxe5 17.Qd5 Rfd8 18.Qxe5 Qxe5 19.Bxe5 f6 20.g4 Ng7 21.Bh2 g5 
22.f4 h6 23.f5 Rd2 24.Bb3+ Kf8 25.Nc4 Rd3 26.Bc2 Rxh3 27.Kg2 Rh4 28.Ne3 
Rd8 29.Rd1 Rxd1 30.Bxd1 Rxh2+ 31.Kxh2 Ne8 32.Bf3 Nd6 33.Bd5 Ke8 {(...)} 
1-0

[Event "12th American Continental"]
[Site "Medellin COL"]
[Date "2017.06.16"]
[Round "9.26"]
[White "Vazquez Colman, Guillermo"]
[Black "Del Castilho, Martyn"]
[Result "1/2-1/2"]
[WhiteElo "2443"]
[BlackElo "2254"]
[EventDate "2017.06.10"]
[PlyCount "72"]

1.Nf3 d5 2.g3 c6 3.Bg2 Bg4 4.c4 e6 5.cxd5 exd5 6.O-O Nf6 7.h3 Bxf3 8.Bxf3 
Bd6 9.d3 O-O 10.e4 Nbd7 11.Bg2 Re8 12.Nc3 dxe4 13.dxe4 Nc5 14.Qc2 Be5 15.
Be3 Qa5 16.Rab1 Bxc3 17.Bxc5 Qxc5 18.bxc3 b5 19.Rfd1 Rad8 20.Rd3 h6 
    ( 20...Rxd3 21.Qxd3 )
21.Rbd1 Rxd3 22.Rxd3 a5 23.Kh2 Qe7 24.Qb3 Nd7 25.Rd4 Nc5 26.Qd1 Ne6 27.Rd7
Rd8 28.Rxe7 Rxd1 29.Re8+ Kh7 30.e5 Rd2 31.Be4+ g6 32.Kg2 Rxa2 33.Bxc6 Rc2 
34.Bxb5 Rxc3 35.Bd7 Nc5 36.Bc6 Kg7 1/2-1/2

[Event "12th American Continental"]
[Site "Medellin COL"]
[Date "2017.06.16"]
[Round "9.27"]
[White "Martinez Romero, Martin"]
[Black "Cortes Orihuela, Javier"]
[Result "1-0"]
[WhiteElo "2427"]
[BlackElo "2235"]
[EventDate "2017.06.10"]
[PlyCount "65"]

1.e4 c5 2.Nf3 d6 3.d4 cxd4 4.Nxd4 Nf6 5.Nc3 a6 6.Bc4 e6 7.O-O b5 8.Bb3 Be7
9.Qf3 Qb6 10.Bg5 Qb7 11.Rad1 O-O 12.Rfe1 Nbd7 13.a3 Re8 14.Qg3 Kh8 15.Re2 
h6 16.Bxf6 Nxf6 17.f4 e5 18.Nf5 Bxf5 19.exf5 Nh5 20.Bd5 Qa7+ 21.Qf2 Bd8 
22.Qxa7 Rxa7 23.Bf3 Bb6+ 24.Kf1 Nf6 25.Rxd6 Bc7 26.Rc6 exf4 27.Rxe8+ Nxe8 
28.Nd5 Kg8 29.Ke2 Kf8 30.Kd3 Be5 31.b3 Ra8 32.c4 bxc4+ 33.bxc4 {(...)} 1-0

[Event "12th American Continental"]
[Site "Medellin COL"]
[Date "2017.06.16"]
[Round "9.30"]
[White "Leon, Orlando"]
[Black "Prasca Sosa, Rafael"]
[Result "0-1"]
[WhiteElo "2167"]
[BlackElo "2400"]
[EventDate "2017.06.10"]
[PlyCount "96"]

1.e4 c5 2.Nf3 e6 3.d4 cxd4 4.Nxd4 Nc6 5.Nc3 Qc7 6.Be3 a6 7.Qf3 Bd6 8.O-O-O
Be5 9.g3 Nge7 10.Qg2 b5 11.f4 Bxd4 12.Bxd4 Nxd4 13.Rxd4 Rb8 14.Qd2 O-O 15.
Be2 d5 16.exd5 b4 17.Ne4 exd5 18.Ng5 h6 19.Nf3 a5 20.Nh4 Rb6 21.Bf3 Rc6 
22.Kb1 Nf5 23.Rxd5 Nxh4 24.gxh4 Be6 25.Rd4 Rc5 26.Rg1 Qe7 27.Bd5 Bf5 28.
Bb3 Rfc8 29.Qg2 g6 30.Rd2 Qxh4 31.Qb7 R5c7 32.Qb6 Qxf4 33.Re2 Kg7 34.Qxa5 
Bd3 35.Reg2 Bxc2+ 36.Rxc2 Rxc2 37.Bxc2 Rxc2 38.Kxc2 Qxh2+ 39.Kd3 Qxg1 40.
Qxb4 Qb1+ 41.Kd2 Qxa2 42.Qd4+ Kh7 43.Kc1 Qb3 44.Qf4 h5 45.Qe5 Qg3 46.b4 h4
47.Qc5 Qe1+ 48.Kc2 Qe2+ {(...)} 0-1

[Event "12th American Continental"]
[Site "Medellin COL"]
[Date "2017.06.16"]
[Round "9.33"]
[White "Ruiz Castillo, Joshua Daniel"]
[Black "Cardoso Cardoso, Jose Gabriel"]
[Result "1-0"]
[WhiteElo "2367"]
[BlackElo "2134"]
[EventDate "2017.06.10"]
[PlyCount "59"]

1.e4 c5 2.Nf3 d6 3.d4 cxd4 4.Nxd4 e6 5.c4 Nf6 6.Nc3 a6 7.Be3 b6 8.Be2 Bb7 
9.f3 Be7 10.O-O Qc7 11.Qd2 h5 12.Rfc1 Nbd7 13.a4 Ne5 14.a5 bxa5 15.Nb3 h4 
16.Nxa5 h3 17.g3 O-O 18.b4 d5 19.cxd5 Bxb4 20.Nxb7 Qxb7 21.Qb2 exd5 22.Na2
dxe4 23.Qxb4 Qxb4 24.Nxb4 a5 25.Nc6 Nxf3+ 26.Bxf3 exf3 27.Ne7+ Kh7 28.Ra4 
Kh8 29.Rc5 f2+ 30.Kxf2 1-0